=LDR 00000nam 2200000 4500 =001 INLIS000000000021750 =005 20130612120558 =008 ***********************************Ind** =035 ##$$0010-061300000021750 =041 ##$$a Ind =082 ##$$a 372.2 =090 ##$$a 372.2, Sal l =100 ##$$a Salsabilla, Cindy =245 ##$$a Lancar membaca untuk taman kanak-kanak =260 ##$$a [s.a] $b Surabaya =300 ##$$a 32 hlm, ilus, 21 cm =650 ##$$a Pendidikan anak - membaca =850 ##$$a NBPNMAT